Diseño geotécnico de cimentaciones superficiales continuas sobre suelos estratificados
Sábháilte in:
| Príomhchruthaitheoir: | |
|---|---|
| Rannpháirtithe: | |
| Formáid: | LEABHAR |
| Teanga: | Spanish |
| Foilsithe / Cruthaithe: |
[San José ], Costa Rica
2018
|
| Ábhair: | |
| Clibeanna: |
Cuir clib leis
Níl clibeanna ann, Bí ar an gcéad duine le clib a chur leis an taifead seo!
|
MARC
| LEADER | 00000nam a22000007a 4500 | ||
|---|---|---|---|
| 003 | 012973 | ||
| 005 | 20230927095608.0 | ||
| 008 | 181211b2018 cr a|||| |m|| 00| ||spa d | ||
| 040 | |c cru CEDI | ||
| 100 | |9 599 |a Sáenz Varela, Sergio Luis, 1994- | ||
| 245 | |a Diseño geotécnico de cimentaciones superficiales continuas sobre suelos estratificados | ||
| 260 | |b [San José ], Costa Rica |c 2018 | ||
| 300 | |a xviii,175 hojas : ilustraciones algunas a color | ||
| 500 | |a Proyecto de graduación (licenciatura en ingeniería civil)--Universidad de Costa Rica. Facultad de Ingeniería. Escuela de Ingeniería Civil | ||
| 501 | |a Director de Proyecto de Graduación: Ing. Marco Valverde Mora, MSc. | ||
| 650 | |x CIMENTACIONES |x MECANICA DE SUELOS |x CIMENTACIONES |x MECANICA DE SUELOS |9 15054 | ||
| 700 | |a Valverde Mora, Marco Antonio, 1974- |d Director del TFG |9 136 | ||
| 942 | |c CEDI |h TFG 8124 |6 TFG_8124_000000000000000 | ||
| 999 | |c 21385 |d 21385 | ||
